000 00270nam a22001217a 4500
008 260218b ||||| |||| 00| 0 eng d
041 _aShqip
080 _a2.1
100 _a20.1
101 _aletrare
245 _aGruaja e Vetmisë
_cIbrahim Berisha
942 _2lcc
_cBK
999 _c60806
_d60806